[Event "BL 2017-18"]
[Site "Germany"]
[Date "2018.05.01"]
[Round "15"]
[White "Van Osch, Mees"]
[Black "Loxine, Jakov"]
[Result "1-0"]
[WhiteElo "2291"]
[BlackElo "2397"]
[Annotator "TA"]
[PlyCount "69"]
[EventDate "2018.05.24"]
[EventType "team-tourn"]
[EventCountry "GER"]
[SourceTitle "playchess.com"]
[Source "ChessBase"]
[SourceQuality "1"]
[WhiteTeam "Muelheim"]
[BlackTeam "Dresden"]

{[%evp 20,69,67,50,41,40,36,40,58,49,104,66,150,118,175,152,171,174,210,196,181,128,128,127,197,114,290,244,391,329,365,375,422,315,463,452,453,340,345,337,414,402,673,675,766,769,750,722,964,979,796,779]} 1. e4 c5 2. Nf3 Nc6 3. Nc3 e6 4. d4 cxd4 5. Nxd4 Qc7 6. Be3 a6 7. Qd2 Nf6 8. f4 {B48: Sicilian: Taimanov: 5 Nc3 Qc7 6 Be3 a6 without Be2} Bb4 9. Bd3 d6 (9... Na5 10. a3 Bxc3 11. Qxc3 Qxc3+ 12. bxc3 d5 13. exd5 exd5 14. Nb3 Nc4 15. Bd4 Ne4 {1-0 (57) Carlsen,M (2834)-Matlakov,M (2718) Wijk aan Zee 2018}) 10. a3 Bc5 11. Nxc6 {LiveBook: 4 Games. Hoping for Bxc5.} Bxe3 12. Qxe3 {And now Qg3 would win.} bxc6 13. O-O-O Nd7 14. Rhe1 $146 ({Predecessor:} 14. h4 Rb8 15. Rh3 Qb6 16. Qxb6 Rxb6 {0-1 (70) Gaponenko,I (2411)-Kalinina,O (2322) Rivne 2016}) 14... e5 ({Black should try} 14... O-O $14) 15. g3 Qb6 (15... O-O $14) 16. Bc4 Rb8 (16... Qxe3+ $16 17. Rxe3 exf4 18. gxf4 Ke7) 17. b3 $18 ({Weaker is} 17. Rxd6 Qxb2+ 18. Kd1 Qxa3 $17) 17... Qa5 18. Kb2 Nb6 19. Bf1 Bh3 20. Ka2 ({Avoid the trap} 20. Bxh3 $2 Nc4+ 21. Kb1 Nxe3 $19) (20. b4 $18 {Qf3 is the strong threat.} Bxf1 21. bxa5 Nd5+ 22. Kc1 Nxe3 23. Rxe3) 20... Bxf1 $16 21. Rxf1 exf4 (21... Qc5 $16 {might work better.} 22. Qxc5 dxc5) 22. gxf4 (22. Rxf4 $18 {Threatens to win with Rf5.} Qc5 23. Qd3) 22... Nc8 $2 (22... Qc5 $16 {keeps fighting.} 23. Qxc5 dxc5) 23. Rg1 O-O (23... g6 $142 24. e5 d5) 24. Rg5 Qc7 25. Rdg1 g6 26. Qh3 Rb7 (26... Qe7 {was called for.} 27. Rh5 f6 28. Rxg6+ hxg6 29. Rh8+ Kf7) 27. e5 $18 dxe5 28. fxe5 Qd7 29. Qf3 Ne7 30. Ne4 Nd5 (30... Qe6 $142 31. Nc5 Qc8 32. Nxb7 Qxb7) 31. c4 {White is clearly winning.} f6 {[#]} 32. Rxg6+ $1 {[%mdl 512]} hxg6 33. Rxg6+ Kf7 {[#]} 34. e6+ $1 {[%mdl 512]} Qxe6 35. Ng5+ {Precision: White = 80%, Black = 40%.} 1-0

[Event "BL 2017-18"]
[Site "Germany"]
[Date "2018.05.01"]
[Round "15.1"]
[White "Bacrot, Etienne"]
[Black "Margolin, Boris"]
[Result "1-0"]
[WhiteElo "2714"]
[BlackElo "2388"]
[Annotator "TA"]
[PlyCount "81"]
[EventDate "2018.05.24"]
[EventType "team-tourn"]
[EventCountry "GER"]
[SourceTitle "playchess.com"]
[Source "ChessBase"]
[SourceQuality "1"]
[WhiteTeam "Baden-Baden"]
[BlackTeam "SV Hofheim"]

{[%evp 18,81,56,45,45,48,55,38,54,47,39,26,37,19,31,36,30,6,44,34,31,22,30,27,27,18,39,38,40,23,26,15,66,22,32,27,31,35,66,70,104,108,144,162,218,212,195,146,246,240,352,361,361,361,360,318,353,339,552,541,814,808,783,724,5322,5314]} 1. d4 Nf6 2. c4 d6 3. Nf3 Bg4 4. Nc3 Nbd7 5. g3 e5 6. Bg2 {A53: Old Indian Defence without Nf3} Be7 7. h3 (7. O-O O-O 8. h3 Bxf3 9. exf3 c6 10. f4 Re8 11. d5 Qc7 12. dxc6 bxc6 13. Be3 a5 14. b3 exf4 15. Bxf4 Nc5 {1-0 (38) Wojtaszek,R (2746)-Bezold,M (2502) Germany 2016}) 7... Bxf3 8. Bxf3 c6 9. O-O O-O 10. e3 {LiveBook: 4 Games} Re8 11. Bg2 Bf8 12. Qc2 $146 ({Predecessor:} 12. b3 e4 13. g4 h6 14. f4 exf3 15. Qxf3 Qe7 16. Bd2 g6 {1-0 (34) Tihonov,J (2371)-Warakomski,T (2537) Bialystok 2017}) 12... Rc8 13. Rd1 Qe7 14. b3 b5 15. Ba3 exd4 16. exd4 ({Much weaker is} 16. Rxd4 b4 $17) 16... a5 17. Bb2 {With the idea d5.} ({Of course not} 17. cxb5 cxb5 18. b4 {[#]} d5 $1 $17 {[%mdl 512]}) 17... b4 18. Na4 g6 19. a3 d5 20. axb4 axb4 21. Qd3 Qe2 22. Qxe2 Rxe2 23. Kf1 Ree8 24. Rac1 Bg7 ({Better is} 24... Ne4 $11) 25. Rc2 Ne4 26. Bxe4 dxe4 27. Bc1 f5 28. c5 Nf6 29. Nb6 Rc7 30. Rc4 Rb7 (30... Rd8 $142) 31. Rxb4 $18 h6 {[#]} 32. Nd5 $1 {[%mdl 512]} Rxb4 (32... Rd7 $16 {keeps fighting.} 33. Nxf6+ Bxf6) (32... cxd5 33. Rxb7) 33. Nxb4 Rb8 (33... Rc8 $142 34. Be3 Kf7) 34. Nxc6 Rxb3 35. d5 {[%cal Bd4d5,Bd5d6][%mdl 32]} Rc3 36. Be3 Nd7 37. d6 {Threatens to win with Ne7+.} Bf6 $2 (37... Kf7 38. Na5 Nxc5) 38. Nb4 {White is clearly winning.} Rc4 39. c6 Rxb4 40. c7 ({Worse is} 40. cxd7 Kf7 $11) 40... Rc4 41. Rc1 {Precision: White = 62%, Black = 45%.} 1-0

[Event "BL 2017-18"]
[Site "Germany"]
[Date "2018.05.01"]
[Round "15.1"]
[White "Oleksiyenko, Mykhaylo"]
[Black "Howell, David W L"]
[Result "1/2-1/2"]
[WhiteElo "2605"]
[BlackElo "2701"]
[Annotator "TA"]
[PlyCount "49"]
[EventDate "2018.05.24"]
[EventType "team-tourn"]
[EventCountry "GER"]
[SourceTitle "playchess.com"]
[Source "ChessBase"]
[SourceQuality "1"]
[WhiteTeam "Speyer"]
[BlackTeam "Hockenheim"]

{[%evp 17,49,8,8,-15,-14,-9,-14,-17,-6,-14,-11,-17,-7,-8,-10,-25,-17,-17,0,-27,0,-25,-4,-10,-4,-21,-12,-15,-7,-9,-6,-12,0,-2]} 1. Nf3 Nf6 2. g3 g6 3. b3 Bg7 4. Bb2 c5 5. c4 d6 6. Bg2 e5 7. O-O O-O 8. Nc3 Nc6 9. d3 Rb8 {LiveBook: 29 Games} 10. Nd5 $146 {A38: Symmetrical English vs ...g6: 4 Bg2 Bg7 5 Nf3 Nf6} ({Predecessor:} 10. Nd2 a6 11. a3 Bg4 12. h3 Bd7 13. b4 cxb4 14. axb4 Nxb4 15. Ba3 a5 16. Rb1 b5 17. Nxb5 d5 {½-½ (30) Artemiev,V (2691)-Grischuk,A (2772) Huaian 2017}) 10... Nxd5 11. cxd5 Nd4 12. Nd2 Bg4 13. f3 Bd7 14. e3 Nf5 15. Qe2 b5 16. Rae1 Qb6 17. Qf2 Rbe8 18. Ba1 Bc8 19. Kh1 Qd8 20. a4 {The position is equal.} bxa4 21. bxa4 Ba6 {White should prevent ...Ne7.} 22. Nc4 Qd7 23. Bh3 {White wants to play e4.} Bxc4 24. dxc4 Qxa4 25. Bxf5 {Precision: White = 49%, Black = 65%.} 1/2-1/2

[Event "BL 2017-18"]
[Site "Germany"]
[Date "2018.05.01"]
[Round "15.1"]
[White "Powierski, Emil"]
[Black "Gerigk, Erasmus"]
[Result "0-1"]
[WhiteElo "2325"]
[BlackElo "2345"]
[Annotator "TA"]
[PlyCount "52"]
[EventDate "2018.05.24"]
[EventType "team-tourn"]
[EventCountry "GER"]
[SourceTitle "playchess.com"]
[Source "ChessBase"]
[SourceQuality "1"]
[WhiteTeam "Norderstedt"]
[BlackTeam "Zugzwang Muenchen"]

{[%evp 19,52,29,36,27,27,20,30,5,27,23,75,68,108,104,117,9,10,6,27,-69,-75,-95,-99,-104,-84,-101,-79,-110,-82,-360,-373,-432,-435,-1022,37]} 1. e4 d5 2. exd5 Qxd5 3. Nc3 Qd6 4. d4 Nf6 5. Nf3 c6 6. Ne5 Nbd7 {B01: Scandinavian Defence} 7. Nc4 Qc7 8. g3 (8. Qf3 Nb6 9. Bf4 Qd7 10. Nxb6 axb6 11. O-O-O Qd8 12. h3 e6 13. Bc4 Be7 14. g4 {½-½ (32) Grischuk,A (2750)-Rapport,R (2698) chess.com INT 2017}) 8... Nb6 9. Ne5 g6 10. Bg2 Bg7 {LiveBook: 3 Games} 11. O-O O-O 12. Qe2 Be6 13. Bf4 {Hoping for Nxg6!} Qd8 $146 ({Predecessor:} 13... Qc8 14. Rfe1 {1-0 (50) Nguyen,T (2493)-Petriashvili,N (2246) Montevideo 2017}) 14. Rad1 Nfd5 (14... a5 $11) 15. Nxd5 $16 Bxd5 16. Bh3 $1 Qe8 {[#]} 17. b3 (17. Rfe1 $1 $16) 17... f6 $11 {Threatens to win with ...g5.} 18. Nd3 {With the idea Rfe1.} e5 $1 {[%cal Re5f4]} 19. Bc1 (19. dxe5 $11 fxe5 20. Bxe5) 19... exd4 $15 20. Qxe8 Rfxe8 ({Don't play} 20... Raxe8 $6 21. Ba3 $11) 21. Nc5 f5 22. Nxb7 Bf3 {[%cal Bd5f3,Bf3e2,Be2a6][%mdl 32]} 23. Rd2 Be2 24. Re1 $2 {[%mdl 8192] [#]} (24. Bg2 $17) 24... Ba6 $1 $19 {[%csl LRb7,LRe1]} 25. Rxe8+ Rxe8 26. Z0 (26. Rd1 $142 Bxb7 27. Bg2) 26... Ra8 $2 {[%mdl 32768] Precision: White = 27%, Black = 56%. . Loss on Time!?} (26... Re1+ $19 27. Kg2 Rxc1) 0-1

[Event "BL 2017-18"]
[Site "Germany"]
[Date "2018.05.01"]
[Round "15.2"]
[White "Moiseenko, Alexander"]
[Black "Yankelevich, Lev"]
[Result "1-0"]
[WhiteElo "2652"]
[BlackElo "2413"]
[Annotator "TA"]
[PlyCount "95"]
[EventDate "2018.05.24"]
[EventType "team-tourn"]
[EventCountry "GER"]
[SourceTitle "playchess.com"]
[Source "ChessBase"]
[SourceQuality "1"]
[WhiteTeam "Hockenheim"]
[BlackTeam "Speyer"]

{[%evp 25,95,8,6,4,3,12,22,25,28,12,41,41,42,36,210,212,222,215,205,176,187,171,168,182,208,205,187,150,153,162,150,127,129,147,142,77,139,102,89,86,111,83,237,230,266,228,298,304,340,353,325,317,546,550,571,295,384,382,4690,1680,2345,1545,4718,4702,29977,29978,29978,29979,29979,29979,29994,29995]} 1. d4 Nf6 2. c4 g6 3. Nc3 d5 4. Bg5 Ne4 5. Bh4 Nxc3 6. bxc3 dxc4 7. e3 Be6 8. Nf3 Bg7 9. Be2 Nd7 {D91: Grünfeld: 4 Nf3 Bg7 5 Bg5} 10. O-O {[%cal Bh1f1,Bf1b1,Bb1b5][%mdl 32]} Nb6 11. a4 a5 12. Qc2 O-O 13. Rfb1 Bd7 {LiveBook: 4 Games} 14. Nd2 {[#]} Bc6 $146 ({Predecessor:} 14... Qe8 15. Nxc4 Bxa4 16. Qe4 Bc6 17. Qxe7 {1-0 (60) Vuckovic,B (2623)-Sutovsky,E (2695) Moscow 2011}) 15. Bf3 Bxf3 16. Nxf3 Qd7 17. Rb5 Rfe8 18. Bg3 Ra7 19. Rab1 Rea8 $2 {[#]} (19... Nc8 $14) 20. Bxc7 $1 $18 {[%mdl 512]} Qxc7 21. Rxb6 e5 22. h3 ({Much less strong is} 22. Nxe5 $6 Bxe5 23. dxe5 Qxe5 $16) 22... exd4 23. exd4 Re8 {[%cal Ba8e8,Be8e7,Be7d7][%mdl 32]} 24. Qb2 Re7 25. Qb5 Bh6 26. Ne5 {[%cal Bf3e5,Be5g4,Bg4f6][%mdl 32]} Bd2 27. Ng4 {Nf6+ is the strong threat.} ({Don't do} 27. Qxc4 $6 Qxc4 28. Nxc4 Bxc3 $14) 27... Kg7 28. Nf6 Qc8 29. Nd5 Rd7 30. Rd1 (30. Qb2 $142 {And now Nf6 would win.} Rxd5 31. Qxd2) 30... Bg5 ({Black should play} 30... Ra6) 31. Nf6 $36 {[%mdl 2048] Black is under strong pressure.} Bxf6 {[#]} 32. Rxf6 $1 {[%mdl 512]} Qe8 (32... Kxf6 33. Qe5#) 33. Rd6 Qe2 $2 (33... Re7 $16) 34. Rxd7 Qxd1+ {[%mdl 4096] Endgame KQR-KQR} 35. Kh2 {Threatening mate with Qe5+.} Qe2 36. f4 Ra6 37. Qe5+ ({Not} 37. Qxb7 Rf6 $16) 37... Qxe5 38. fxe5 {KR-KR} b5 $2 (38... g5 {was worth a try.} 39. Rxb7 h5) 39. axb5 Rb6 40. Rc7 Rxb5 41. e6 Kf6 $2 {[#]} (41... Kf8 42. Rxf7+ Ke8 43. Rxh7 Rb2) 42. e7 $1 {[%cal Re7e8]} Rb8 {[#]} 43. d5 $1 a4 44. d6 a3 {[#]} 45. Rc8 $1 {[%mdl 512] White mates.} Rxc8 46. d7 a2 47. dxc8=Q a1=Q 48. e8=Q {Precision: White = 71%, Black = 32%.} 1-0

[Event "BL 2017-18"]
[Site "Germany"]
[Date "2018.05.01"]
[Round "15.2"]
[White "Weber, Ulrich"]
[Black "Naiditsch, Arkadij"]
[Result "0-1"]
[WhiteElo "2352"]
[BlackElo "2697"]
[Annotator "TA"]
[PlyCount "64"]
[EventDate "2018.05.24"]
[EventType "team-tourn"]
[EventCountry "GER"]
[SourceTitle "playchess.com"]
[Source "ChessBase"]
[SourceQuality "1"]
[WhiteTeam "SV Hofheim"]
[BlackTeam "Baden-Baden"]

{[%evp 9,64,26,24,0,0,0,0,-24,-19,-28,-20,-50,-39,-62,-68,-74,-75,-77,-64,-66,-58,-77,-75,-98,-72,-114,-58,-154,-142,-149,-125,-202,-214,-423,-400,-565,-559,-550,-557,-551,-545,-600,-593,-693,-685,-670,-676,-627,-632,-6327,-5214,-6315,319,-5181,-5181,-2285,-1869]} 1. Nf3 Nf6 2. g3 b5 3. Bg2 Bb7 4. Na3 a6 5. c4 e5 (5... b4 6. Nc2 e6 7. O-O Be7 8. d4 Be4 9. a3 bxa3 10. b3 O-O 11. Bxa3 d6 12. Ne3 c6 13. Qd2 Nbd7 14. Nd1 Qb6 15. Nc3 Qxb3 16. Ne5 dxe5 17. Bxe7 exd4 18. Nxe4 Nxe4 19. Bxe4 Rfe8 20. Bxc6 Ra7 21. Qxd4 {1-0 (21) Nakamura,H (2793)-Oparin,G (2604) Zuerich 2017}) 6. cxb5 {A05: Réti Opening: 1 Nf3 Nf6} Bxa3 7. bxa3 axb5 8. O-O {The position is equal.} d6 9. Qb3 $146 ({Predecessor:} 9. Rb1 c6 10. d4 e4 11. Nd2 Qe7 12. Qc2 d5 13. Nb3 {0-1 (43) Mammadova,N (2183)-Bashirli,N (2384) Nakhchivan 2016}) 9... Bc6 10. Bb2 O-O 11. Qc2 Bd5 12. d3 c5 13. e4 Bb7 14. Nh4 Nc6 15. f4 Nd4 16. Qd1 Bc8 17. Nf5 Re8 (17... Bxf5 $17 18. exf5 Ra4) 18. Rc1 (18. Nxd4 $15 cxd4 19. h3) 18... Bxf5 $17 19. exf5 Ra4 ({Much worse is} 19... Nxf5 $6 20. Bxa8 Qxa8 21. fxe5 $11) 20. Kh1 (20. fxe5 $17 Rxe5 21. Rb1) 20... h5 $19 21. h3 $2 (21. Rb1 {was necessary.}) 21... Nxf5 {[%cal Bd4f5,Bf5g3,Bg3f1][%mdl 32]} 22. fxe5 (22. Re1 $142 Nxg3+ 23. Kh2 exf4 24. Qd2) 22... Nxg3+ 23. Kg1 {[#] Threatens to win with Rf3.} Nxf1 24. exf6 Ng3 25. Rc2 Rf4 26. Kh2 h4 27. fxg7 Qg5 {White must now prevent ...Nf1+!} 28. Bc1 {[#]} Nf1+ $1 {[%mdl 512]} 29. Bxf1 {Strongly threatening Kh1.} Qg3+ 30. Kh1 Rxf1+ 31. Qxf1 {Rf2 is the strong threat.} Re1 32. Qxe1 Qxe1+ {Precision: White = 26%, Black = 79%.} 0-1

[Event "BL 2017-18"]
[Site "Germany"]
[Date "2018.05.01"]
[Round "15.2"]
[White "Lammers, Markus"]
[Black "Polischuk, Viktor"]
[Result "1/2-1/2"]
[WhiteElo "2305"]
[BlackElo "2280"]
[Annotator "TA"]
[PlyCount "100"]
[EventDate "2018.05.24"]
[EventType "team-tourn"]
[EventCountry "GER"]
[SourceTitle "playchess.com"]
[Source "ChessBase"]
[SourceQuality "1"]
[WhiteTeam "Zugzwang Muenchen"]
[BlackTeam "Norderstedt"]

{[%evp 25,100,31,31,23,42,8,4,9,32,33,30,7,3,-31,0,0,0,0,6,20,20,-67,-63,-65,-64,-63,-56,-56,-56,-61,-64,-67,-56,-89,-31,-36,-43,-42,0,0,0,-8,0,-112,-112,-101,0,0,0,-672,-663,-595,0,-267,-104,-100,-120,-777,-115,-113,-114,-114,-114,-114,-108,-123,-104,-90,-57,-110,-114,-174,-167,-188,-171,-178,-91]} 1. Nf3 c5 2. c4 Nf6 3. Nc3 e6 4. g3 b6 5. Bg2 Bb7 6. O-O Be7 7. Re1 d6 8. e4 a6 9. d4 cxd4 10. Nxd4 Qc7 11. Be3 {[%cal Bc1e3,Be3f2,Bf2g3,Bg3e5][%mdl 32]} Nbd7 12. Rc1 Rc8 {A30: Symmetrical English: Double Fianchetto and Hedgehog} 13. h3 (13. f4 Qb8 14. g4 h5 15. g5 Ng4 16. g6 Rxc4 17. gxf7+ Kxf7 18. Bf1 Nxe3 19. Rxe3 Rxd4 20. Qxd4 b5 21. Rg3 Bf6 22. e5 Bd8 23. Ne4 Bb6 {0-1 (23) Ding,L (2774)-Carlsen,M (2837) Saint Louis 2017}) 13... O-O {LiveBook: 8 Games} 14. b3 Qb8 {White has an edge.} 15. f4 Nc5 16. Bf2 Qa8 {[%cal Rf6e4]} 17. Qe2 Rfe8 18. g4 g6 $1 19. Bg3 {[#]} e5 $146 ({Predecessor:} 19... d5 20. cxd5 exd5 21. e5 Nfe4 {0-1 (92) Kretchetov,A (2331)-Perelshteyn,E (2601) Reno 2006}) 20. fxe5 dxe5 21. Nc2 Ne6 22. Bxe5 Ng5 $1 23. Kh1 (23. Bd4 $11) 23... Nfxe4 $15 24. Nxe4 (24. Bxe4 $2 Nxe4 25. Nd5 (25. Nxe4 $2 Bg5 $19) 25... Bxd5 $19) 24... Nxe4 25. Bxe4 Bg5 26. Rcd1 {aiming for Bxb7.} ({Avoid the trap} 26. Bxb7 $2 Qxb7+ 27. Qg2 Qxg2+ 28. Kxg2 Bxc1 $19) 26... Rxe5 27. Bxb7 Qxb7+ 28. Qg2 Qc7 29. Nb4 Rxe1+ ({Black should play} 29... b5 $1 $17 30. Nd5 Qd6) 30. Rxe1 b5 31. Nd5 Qa5 32. Re5 Qa3 33. Qc2 h6 34. c5 (34. Qc3 $1 $11 {remains equal.}) 34... Kg7 $17 35. Nb6 Rd8 (35... Rc7 $1 $17 36. Kg2 Be7) 36. Rd5 $11 Re8 37. Nd7 $2 {[%mdl 8192]} (37. Rd1 $11) 37... Re1+ $19 38. Kg2 {Strongly threatening Qc3+.} Qb4 $2 (38... Rc1 $1 $19 {[%cal Rc1c2]} 39. Qe2 Rb1) 39. c6 $2 {[%mdl 8192]} (39. a3 $11 {and White is okay.} Qe4+ 40. Qxe4 Rxe4 41. c6 Re2+ 42. Kf1) 39... Rc1 $2 (39... Re3 $1 $19 {is more deadly.} 40. Qb2+ Kh7) 40. Qb2+ $17 Kh7 $1 {( -> ...Qe4+)} 41. Re5 $2 {[%mdl 8192]} ({But not} 41. Nf6+ $2 Bxf6 42. Qxc1 Qe4+ 43. Kf2 Bh4+ 44. Kg1 Qxd5 $19) (41. Qe2 $17) 41... Qf4 $2 (41... Qd6 $19 {has better winning chances.} 42. Rc5 Rxc5 43. Nxc5 Qxc6+ 44. Kg3 Qxc5) 42. Qf2 {Hoping for Qxf4.} Qxf2+ 43. Kxf2 {Rc5 is the strong threat.} Rxc6 {[%mdl 4096] Endgame KRB-KRN} 44. Rc5 Rd6 45. Rc7 Bf4 {White must now prevent ...Rd2+.} 46. Kf3 g5 47. Ra7 (47. Nc5 $15) 47... Rc6 $1 48. Ke4 {[#]} (48. a4 $17 {was called for.}) 48... Kg7 $1 $19 {Black is clearly better.} 49. Ne5 Bxe5 $1 50. Kxe5 {[#]} Re6+ {Precision: White = 34%, Black = 51%.} ({Black should try} 50... Rc3 $1 $19 51. Rxa6 Rxh3) 1/2-1/2

[Event "BL 2017-18"]
[Site "Germany"]
[Date "2018.05.01"]
[Round "15.3"]
[White "Movsesian, Sergei"]
[Black "Brendel, Oliver"]
[Result "1-0"]
[WhiteElo "2630"]
[BlackElo "2347"]
[Annotator "TA"]
[PlyCount "151"]
[EventDate "2018.05.24"]
[EventType "team-tourn"]
[EventCountry "GER"]
[SourceTitle "playchess.com"]
[Source "ChessBase"]
[SourceQuality "1"]
[WhiteTeam "Baden-Baden"]
[BlackTeam "SV Hofheim"]

{[%evp 19,151,40,52,32,43,4,70,89,77,43,156,156,146,157,157,157,157,157,157,152,157,157,156,156,156,156,164,158,150,151,152,152,153,142,153,153,153,153,151,151,153,157,157,153,155,145,145,145,138,47,141,105,120,120,120,120,128,99,99,97,105,77,77,86,103,87,99,99,99,99,99,99,114,114,132,131,132,125,132,132,132,129,152,152,241,152,152,152,152,152,152,152,152,152,303,152,159,152,736,655,847,858,769,762,762,461,820,804,862,942,936,824,802,783,936,937,910,873,916,901,1354,837,1993,1913,8364,8302,8987,8987,8987,8364,8151,6025,1591,1566]} 1. e4 c5 2. Nf3 g6 3. d4 cxd4 4. Nxd4 Bg7 5. c4 Nc6 6. Nc2 Nf6 7. Nc3 O-O 8. Be2 b6 9. O-O Bb7 {B37: Sicilian: Maroczy Bind with 5...Bg7, sidelines} 10. Bg5 Rc8 {LiveBook: 12 Games} 11. b3 h6 $146 {White is slightly better.} ({Predecessor:} 11... b5 12. cxb5 Na5 13. e5 Ne8 14. Na4 Bxe5 15. Rc1 Nd6 16. Ne3 Rxc1 17. Qxc1 {1-0 (42) Mchedlishvili,M (2607)-Bakhtadze,L (2072) Ureki 2015}) 12. Bh4 Nh5 (12... g5 $11 13. Bg3 Nxe4 14. Nxe4 Bxa1 15. Qxa1 f5) 13. Qd2 $14 Nf4 14. Rae1 f5 ({Better is} 14... g5 $14 15. Bg3 Nxe2+ 16. Rxe2 d6) 15. Qxf4 $16 g5 16. Bxg5 hxg5 17. Qxg5 f4 18. Rd1 {Bg4 is the strong threat.} e6 {[#]} 19. Qxd8 $1 Rcxd8 20. Nb5 Ne5 21. Nd6 Ba8 22. Nd4 Rf6 23. Nf3 Rh6 24. Rd2 Kf8 25. Rfd1 Ke7 26. a3 a5 27. Nxe5 Bxe5 28. Bf3 Bc6 29. h3 Rb8 30. Kf1 Rhh8 31. Ke2 Ra8 32. Bg4 Bc3 33. Rd3 Bb2 34. Kf3 ({White should play} 34. a4 $16) 34... Rhf8 (34... Bxa3 $14 35. Nb5 (35. Kxf4 a4 $11) 35... Bc5) 35. Nb5 Bxb5 36. cxb5 Ra7 37. a4 Rc7 38. h4 Be5 39. h5 {[%cal Bh4h5,Bh5h6][%mdl 32]} d6 40. h6 Rh8 41. Rh1 Kf6 42. Rh3 Rc2 43. h7 Kg7 44. Bxe6 Rxh7 45. Bd5 Rb2 46. Rd1 Kg6 47. Rxh7 Kxh7 {[%mdl 4096] Endgame KRB-KRB} 48. Rc1 Bd4 49. Kxf4 {Threatens to win with Kg5.} Rxf2+ 50. Kg3 Rd2 51. Rc6 Kg7 (51... Kg6 $16 52. Kh4 (52. Rxd6+ Kg5 $18) 52... Bc5) 52. Kh3 Bc5 53. g3 Kf6 54. Rc8 Rd3 55. Kg4 Bd4 56. Rf8+ Kg7 $2 (56... Kg6 $16 {might work better.} 57. Rg8+ Kf6) 57. Rb8 (57. Rd8 $18) 57... Kf6 58. Rb7 Rc3 $2 {[#]} (58... Rd2 $16 59. Rf7+ Kg6) 59. Kh5 $1 $18 {Threatening mate with Rf7+.White is clearly winning.} Be3 60. g4 Rc1 61. Rf7+ Ke5 62. Rf5+ Kd4 63. g5 Kc3 64. Rf3 Kd4 65. Kg6 Rg1 66. Rf5 Kc5 67. Kf6 Bd4+ 68. Kf7 Kb4 69. g6 Rg3 70. Bc4 Rg2 71. e5 dxe5 72. g7 e4 73. g8=Q Rxg8 74. Kxg8 e3 75. Rf4 Bc5 76. Re4 {Precision: White = 64%, Black = 48%.} 1-0

[Event "BL 2017-18"]
[Site "Germany"]
[Date "2018.05.01"]
[Round "15.3"]
[White "Ftacnik, Lubomir"]
[Black "Fedorovsky, Michael"]
[Result "1/2-1/2"]
[WhiteElo "2520"]
[BlackElo "2469"]
[Annotator "TA"]
[PlyCount "50"]
[EventDate "2018.05.24"]
[EventType "team-tourn"]
[EventCountry "GER"]
[SourceTitle "playchess.com"]
[Source "ChessBase"]
[SourceQuality "1"]
[WhiteTeam "Hamburg SK"]
[BlackTeam "Bayern Muenchen"]

{[%evp 33,50,95,61,-120,35,0,0,0,0,0,0,0,0,0,0,0,0,0,0]} 1. Nf3 Nf6 2. c4 e6 3. Nc3 d5 4. d4 c6 5. Bg5 dxc4 6. e4 {[%cal Be2e4,Be4e5][%mdl 32]} b5 7. e5 h6 8. Bh4 g5 9. Nxg5 hxg5 10. Bxg5 Be7 11. exf6 Bxf6 12. Bxf6 Qxf6 13. g3 Bb7 14. Bg2 Na6 15. a4 O-O-O {D44: Semi-Slav: Botvinnik System} 16. axb5 cxb5 17. Bxb7+ Kxb7 {LiveBook: 10 Games. White is better.} 18. Ra5 $2 {[#]} (18. Nxb5 $14 {keeps the upper hand.} e5 19. O-O) (18. Nxb5 Nb4 19. O-O Nc6 20. f4 a6 21. Nc3 Qxd4+ {½-½ (21) Naumann,A (2540)-Fridman,D (2602) Germany 2014}) 18... b4 $2 ({Black should try} 18... Nc7 $1 $17 19. Qe2 (19. Nxb5 $2 Kb6 $17) 19... a6) 19. Rxa6 $146 ({Predecessor:} 19. O-O Nc7 20. Qa4 bxc3 21. Rxa7+ {1-0 (21) Ulko,J (2476)-Pokhlebin,S (2032) Moscow 2011}) 19... Kxa6 {The position is equal.} 20. Qa4+ Kb7 21. Qb5+ Ka8 22. Qc6+ Kb8 23. Qb5+ Ka8 {[#] White must now prevent ...Qf3.} 24. Qc6+ Kb8 25. Qb5+ Ka8 1/2-1/2

[Event "BL 2017-18"]
[Site "Germany"]
[Date "2018.05.01"]
[Round "15.3"]
[White "Kovacs, Gabor"]
[Black "Wagner, Dennis"]
[Result "1/2-1/2"]
[WhiteElo "2457"]
[BlackElo "2567"]
[Annotator "TA"]
[PlyCount "81"]
[EventDate "2018.05.24"]
[EventType "team-tourn"]
[EventCountry "GER"]
[SourceTitle "playchess.com"]
[Source "ChessBase"]
[SourceQuality "1"]
[WhiteTeam "Speyer"]
[BlackTeam "Hockenheim"]

{[%evp 20,81,7,0,0,0,0,0,0,-2,0,0,30,0,0,-10,-2,-10,0,0,0,0,0,0,-4,-9,0,0,0,0,0,0,0,-6,0,0,0,-1,1,3,2,-1,0,-4,0,0,0,-8,-8,-8,0,-7,-6,-8,-7,-8,-14,-13,0,0,5,0,0,-3]} 1. d4 Nf6 2. Nf3 d5 3. c4 e6 4. Nc3 c6 5. e3 Nbd7 6. Qc2 Bd6 7. b3 O-O 8. Be2 b6 9. O-O Bb7 10. Bb2 Re8 11. Rad1 Qc7 {D45: Semi-Slav: 5 e3} 12. Qb1 (12. e4 Nxe4 13. Nxe4 dxe4 14. Qxe4 c5 15. Qh4 Rad8 16. Rfe1 Be7 17. Qh3 Bf6 18. Bd3 h6 19. Be4 Bxe4 20. Rxe4 cxd4 21. Bxd4 {½-½ (45) Le,Q (2737)-Ding,L (2777) Huaian 2017}) 12... a6 13. h3 Rac8 14. Rc1 dxc4 $146 ({Predecessor:} 14... c5 15. dxc5 bxc5 16. Rfd1 Nb6 17. Qc2 Qe7 18. Nb1 Nbd7 19. Nbd2 h6 20. Bf1 Qd8 21. g3 Bc6 22. Ne1 Qc7 23. Bg2 Qb8 24. Bc3 a5 25. Bxa5 {Poell,J (2375)-Rogos,J (2388) ICCF email 2017}) 15. Bxc4 c5 16. Be2 Qb8 {The position is equal.} 17. Rfd1 b5 18. Qa1 Red8 19. Nb1 cxd4 20. Bxd4 Rxc1 21. Rxc1 Rc8 22. Nbd2 Ba3 23. Bb2 Rxc1+ 24. Qxc1 Bxb2 25. Qxb2 Qc7 26. a3 h6 27. Bd3 Qd6 28. Be2 b4 29. axb4 Qxb4 30. Qa1 Nc5 31. Bc4 a5 32. Qd4 Nfd7 (32... Bxf3 {keeps more tension.} 33. gxf3 Nb7 34. Ne4 Nxe4 35. fxe4 Nd6) 33. Be2 (33. Ne1 {is more complex.} Qb6 34. Nef3 Qc7 35. Be2 Bd5 36. b4) 33... Qxd4 34. Nxd4 Nb6 35. Bb5 Kf8 36. Kf1 Ke7 37. Nc6+ Bxc6 $1 38. Bxc6 a4 39. bxa4 Ncxa4 40. Bxa4 Nxa4 41. Nf3 {Precision: White = 59%, Black = 55%.} 1/2-1/2